| 000 | 00605nam a2200157Ia 4500 | ||
|---|---|---|---|
| 008 | 210716s2016 xx 000 0 und d | ||
| 020 | _a9781785281976 | ||
| 041 | _aeng | ||
| 082 | _a004.61 SZMA | ||
| 100 | _aSzmigielski, Albert. | ||
| 245 |
_aBitcoin essentials: gain insights into bitcoin a cryptocurrency and a powerful technology to optimize your bitcoin mining techniques. _bGain insights into bitcoin a cryptocurrency and a powerful technology to optimize your bitcoin mining techniques. |
||
| 250 | _a1 | ||
| 260 |
_aMumbai _bPackt Publishing Ltd _c2016 |
||
| 300 | _aviii,112 | ||
| 650 | _aNone | ||
| 999 |
_c196793 _d196793 |
||